000 00783nam a22002057a 4500
008 160401b xxu||||| |||| 00| 0 eng d
020 _a978-0-470-45803-7
082 _22010
_aDC 150.72
_bW37
100 _94550
_aWeathington, Bart L.
245 _aResearch methods for the behavioral and social sciences/
_cBart L. Weathington [and two others].
260 _aHoboken, N.J. :
_bJohn Wiley & Sons,
_cc2010.
300 _axix, 647 pages :
_billustrations ;
_c25 cm.
500 _aIncludes bibliographical references and indexes.
650 0 _94551
_aPsychology
_xResearch
_xMethodology
650 0 _94552
_aSocial sciences
_xResearch
_xMethodology
700 _94553
_aCunningham, Christopher J. L
700 _94554
_aPittenger, David J
365 _b8,777.00
_cPhp
942 _2ddc
_cDC
999 _c1488
_d1488